| 000 | 00590nam a22001697a 4500 | ||
|---|---|---|---|
| 005 | 20260310124429.0 | ||
| 008 | 260310b |||||||| |||| 00| 0 eng d | ||
| 020 | _a978-93-91558-41-3 | ||
| 041 | _aMarathi | ||
| 082 | _aX 891 SON B12298 | ||
| 100 |
_aसोनी, सुरेश _9216922 |
||
| 245 | _aपंचयज्ञाद्वारे परम वैभव भारतीय जीवन द्रुष्टी: आधुनिक संदर्भ | ||
| 260 |
_aPune _bBharatiya Vichar Sadhana _c2021 |
||
| 300 |
_a36p _bpb |
||
| 365 |
_aRupaye _b40 _cINR |
||
| 942 | _cBK | ||
| 999 |
_c370652 _d370652 |
||